Statistiken für Fußballclubs - Vervollständigen #2

Klicken Sie hier um das Quiz zu spielen!

Allgemein

  • Dieses Quiz wurde 93 mal gespielt
    (68 seit der letzten Aktualisierung)
  • Das Durchschnittsergebnis liegt bei 9 aus 16

Antwortstatistiken

ClubnameErgänzung% Korrekt
Eintracht ...Frankfurt
92%
Spielvereinigung Greuther ...Fürth
92%
Sportgemeinschaft Dynamo ...Dresden
86%
Fußballclub Gelsenkirchen- ... 04Schalke
86%
RasenBallsport ...Leipzig
84%
SV Wehen 1926 ... GmbHWiesbaden
75%
SV Waldhof ... 07Mannheim
73%
Sport-Club ...Freiburg
69%
Turn- und Sportverein ... von 1860München
61%
Verein für Bewegungsspiele ... 1893Stuttgart
59%
Borussia VfL 1900 ...Mönchengladbach
55%
1. Fußball-Club ..., Verein für LeibesübungenNürnberg
33%
Schwimm- und Sportverein ... 1846Ulm
33%
Verein für Leibesübungen von 1899 ...Osnabrück
18%
Fußball-Club ... 1907Augsburg
8%
... Sport-Club Mühlburg-PhönixKarlsruher
8%

Verteilung der Resultate

Perzentil nach korrekt beantworteten Fragen

Anzahl Personen mit jedem Resultat

Ihre Resultats-Entwicklung

Sie haben dieses Quiz seit der letzten Aktualisierung nicht gespielt